01132nam a2200169Ia 4500003000400000005001700004008004000021020001500061040000700076041000800083082001600091100001500107245001500122260006900137300000900206520074700215OSt20260223101625.0210210b1971 xxu||||| |||| 00| 0 eng d a0552090042 cAL aeng a823.91 WHIL aAlan White aLong watch aLondonbCorgi Books, Division Of Transworld Publishers Ltdc1971 a126p aThe British patrol's enter a well-guarded French prison, find an old professor, get from him secret chemical knowledge that can help secure victory for the allies. Easier said than done when the countryside is crawling with German soldiers, when the citizens they depend on may be collaborators, when the leader is a private and one of the men he commands is a major and there's no love lost between them. This story opens as the patrol spills out of a farmhouse under fire, and the action and suspense build from to preventing the disloyalty of villagers, to securing a cemetery hide-out in direct sight of the Germans, to scaling the prison walls between guard's rounds, to the final clever act of bravado that gains access to the prison...